| 000 | 00864nam a22002177a 4500 | ||
|---|---|---|---|
| 999 |
_c7841 _d7841 |
||
| 003 | AR-CdUCM | ||
| 008 | 190321b ||||| |||| 00| 0 spa d | ||
| 040 |
_aMUNICIPALIDAD PROVINCIAL DEL CUSCO _cBIBLIOTECA MUNICIPAL DEL CUSCO |
||
| 082 |
_a621 / _bD48 |
||
| 100 |
_aDelachet, André _922175 |
||
| 245 | _aLa Resistencia de los Materiales / | ||
| 260 |
_aEspaña : _boikos-tau , _c1966. |
||
| 300 |
_a127 páginas ; _c17.5 cm. |
||
| 440 |
_a¿Que se? _n18 _922176 |
||
| 505 | _aContenido : La Estatica Grafica -- Sistema Isostaticos e hiperestatico -- Esquilibrio en construcciones de albañileria -- Calculo de vigas -- Estado actual de las nociones de elasticidad -- analisis matematico de los esfuerzos... | ||
| 650 |
_aResistencia de Materiales _919595 |
||
| 650 |
_aResistencia _95741 |
||
| 650 |
_aMateriales _922177 |
||
| 942 |
_2ddc _cLIBROS |
||
| 945 | _artm | ||